Welcome to CU Library Online Public Access Catalogue (OPAC)

Like bread on the seder plate : (Record no. 9292)

MARC details
000 -LEADER
fixed length control field 00726pam a2200217 a 4500
001 - CONTROL NUMBER
control field 2581425
005 - DATE AND TIME OF LATEST TRANSACTION
control field 20260420144827.0
008 - FIXED-LENGTH DATA ELEMENTS--GENERAL INFORMATION
fixed length control field 960912s1997 nyu b 001 0 eng
020 ## - INTERNATIONAL STANDARD BOOK NUMBER
International Standard Book Number 0231096607
020 ## - INTERNATIONAL STANDARD BOOK NUMBER
International Standard Book Number 9780231096607
050 00 - LIBRARY OF CONGRESS CALL NUMBER
Classification number BM729.H65
Item number A47 1997
082 00 - DEWEY DECIMAL CLASSIFICATION NUMBER
Classification number 296/.08/6643
Edition information 20
100 1# - MAIN ENTRY--PERSONAL NAME
Personal name Alpert, Rebecca T.
Fuller form of name (Rebecca Trachtenberg),
Dates associated with a name 1950-
245 10 - TITLE STATEMENT
Title Like bread on the seder plate :
Remainder of title Jewish lesbians and the transformation of tradition /
Statement of responsibility, etc. Rebecca Alpert.
260 ## - PUBLICATION, DISTRIBUTION, ETC.
Place of publication, distribution, etc. New York :
Name of publisher, distributor, etc. Columbia University Press,
Date of publication, distribution, etc. c1997.
300 ## - PHYSICAL DESCRIPTION
Extent x, 214 p. ;
Dimensions 24 cm.
440 #0 - SERIES STATEMENT/ADDED ENTRY--TITLE
Title Between men--between women
650 #0 - SUBJECT ADDED ENTRY--TOPICAL TERM
Topical term or geographic name entry element Lesbianism
General subdivision Religious aspects
-- Judaism.
650 #0 - SUBJECT ADDED ENTRY--TOPICAL TERM
Topical term or geographic name entry element Jewish lesbians.
942 ## - ADDED ENTRY ELEMENTS (KOHA)
Source of classification or shelving scheme Library of Congress Classification
Koha item type Books
Suppress in OPAC No
999 ## -
-- 9292
-- 9292
Holdings
Withdrawn status Lost status Source of classification or shelving scheme Damaged status Not for loan Home library Current library Shelving location Date acquired Total checkouts Full call number Barcode Date last seen Price effective from Koha item type
    Library of Congress Classification     Main Library (Kumasi) Main Library (Kumasi) General stacks 04/20/2026   BM729.H65A47 ALP bssk00000038 04/20/2026 04/20/2026 Books
© 2023-2024 Copyright: Central University Libraries. All Rights Reserved | Created by: Mahone Tech Office